Bases psicopedagógicas de la educación especial

Shranjeno v:
Bibliografske podrobnosti
Glavni avtor: Molina García, Santiago (autor)
Format: Knjiga
Jezik:španščina
Izdano: Alcoy Marfil 1995
Serija:Ciencias de la Educación
Teme:
Oznake: Označite
Brez oznak, prvi označite!

MARC

LEADER 00000nam a2200000 a 4500
001 UCQ1044
003 CL-VaPUC
008 980703e19950000SP |||||||||||||||||spa|d
082 0 4 |a 371.9  |b MOL  |2 21 
100 |a Molina García, Santiago  |e autor  |9 617444 
245 1 0 |a Bases psicopedagógicas de la educación especial 
300 |a 585 p 
942 |c BK 
945 |d 19980703 00:00:00  |a mvenant 
260 |a Alcoy  |b Marfil  |c 1995 
650 0 |a Educación especial  |9 307486 
650 0 |a Psicología educacional   |9 307830 
583 |a last modification  |c 19980703 00:00:00  |k Rodrigo Vera 
490 0 |a Ciencias de la Educación 
999 |c 304476  |d 304474 
952 |0 0  |1 0  |4 0  |6 371_900000000000000_MOL_1995  |7 0  |8 A  |9 366778  |a BIBEDU  |b BIBEDU  |d 2019-11-21  |i 3440303  |o 371.9 MOL 1995  |p 3440303  |r 2019-11-21  |w 2019-11-21  |y BK  |k BME